Duck Bob's General Knowledge #7 - Statistics

General Stats
  • This quiz has been taken 19 times
  • The average score is 6 of 20
Answer Stats
Hint Answer % Correct
What is the first country in alphabetical order? Afghanistan
89%
When people talk about Gulf countries, which gulf are they referring to? Persian Gulf
72%
How much money do you earn from passing Go in the original American Monopoly? $200
56%
Which Roman emperor famously rode a horse across the Bay of Biscay, despite not knowing how to swim? Caligula
44%
What popular brand of gum is also the weapon of a Greek god? Trident
44%
What is the body fluid that transports immune cells and cell waste through the bones? Lymph
39%
Broccoli, kale, and brussels sprouts are all cultivars of what plant? Brassica oleracea
22%
What ancient variety of rice helped increase the population of Song China? Champa rice
22%
What is the name of the country created by Simón Bolívar? Gran Colombia
22%
The two sides in a criminal case are called prosecution and defense. What are they called in a civil case? Plaintiff and defendant
22%
In the Watergate scandal, which classified papers did President Nixon reveal? The Pentagon Papers
22%
What are the first 4 digits of the Golden Ratio? 1.618
17%
What language did "cheetah" originate from? Sanskrit
17%
What is the uppermost layer of the ocean called? The Sunlight Zone
17%
What political ideology of Thomas Jefferson valued freedom? Classical Liberalism
11%
In fishing, the heart of which animal is commonly used as bait? Ox
11%
In transportation, what are steam engines usually used to push? Pistons
11%
A section of which sea is claimed by seven different countries? South China Sea
11%
In the immune system, what kind of cell produced by the thymus is part of the adaptive immune system and attached to macrophages? T cell
11%
Which modern-day country is Proto-Indo-European hypothesized to originate from? Ukraine
11%
No matching quizzes found
Score Distribution
Percent of People with Each Score
Percentile by Number Answered
Your Score History
You have not taken this quiz